00956 2200325 4500001002100000005001500021035002000036007000300056008004100059020002200100040002200122082001500144084001700159090002100176090002200197100003600219245007100255250002800326300002800354650002300382700002700405850001200432504003400444264003400478336002100512337003000533338002300563999002200586990002200608INLIS00000000085652820200723084217 a0010-0720000741ta200723s2019 yoi g ind d a978-623-7080-96-1 aYOPDYOGbinderda04223a371.33 a371.33 IRA m aDEP 371.33 IRA m aCB-D.11 2019-30880 aIra Anisa Purawinangunepenulis10aMedia Pendidikan /cIra Anisa Purawinangun; penyunting, Alviana C. aCetakan I, Agustus 2019 ax, 134 halaman ;c21 cm 4aMedia pembelajaran0 aAlviana C.epenyunting aYOPDYOG aBibliografi : halaman 131-132 aBantul :bSamudra Biru,c2019 2rdacontentateks 2rdamediaatanpa perantara 2rdacarrieravolume aCB-D.11/2019-3088 aCB-D.11/2019-3088